| 000 | 00657nam a2200241Ia 4500 | ||
|---|---|---|---|
| 008 | 200601s9999 xx 000 0 und d | ||
| 020 | _a81-7992-140-9 | ||
| 050 | _aREF HD 30.28 | ||
| 050 | _b.M63 2004 v.7 | ||
| 100 | _aMockler, Robert J. | ||
| 245 | 4 | _aThe Art of strategic management : | |
| 245 | 0 | _bmultinational strategic management / | |
| 245 | 0 | _cRobert J. Mockler | |
| 260 | _aMumbai : | ||
| 260 | _bJaico Publishing House. | ||
| 260 | _c2004 | ||
| 300 | _a442 pages : | ||
| 300 | _billustrations ; | ||
| 300 | _c25 cm. | ||
| 440 | _v7 | ||
| 500 | _aIncludes bibliographical reference and index. | ||
| 650 | _aStrategic planning. | ||
| 999 |
_c363332 _d363332 |
||